01164nam a2200325 i 4500001001200000003000600012005001700018008004100035035002300076040004100099046000900140245004700149250010300196260005700299300003800356336002700394337005400421338002800475380001600503380002500519388001400544610004600558650004900604650003300653650002000686655003200706655002100738658002800759700005100787xx005914984NUKAT20260325192417.0260325s1864 pl a |000 0 pol c a(NUKAT)xx005914984 aOLSZT 008/LLbpolerdacOLSZT 008/LL k186400aMały wyborek nabożeństwa codziennego. aWydanie powiększone z dodatkiem Nieszpornych Psałmów, Gorzkich żali i Pieśni nabożnych. aMikołów :bdruk i nakładem T. Nowackiego.c1864. a216 stron :bilustracje ;c12 cm. aTekstbtxt2rdacontent aBez urządzenia pośredniczącegobn2rdamedia aWoluminbnc2rdacarrier aKsiążki aPublikacje religijne1 a1801-190027aApostolstwo Modlitwyvmodlitewniki.2kaba 7aModlitewniki katolickie polskiey19 w.2kaba 7aDuchowość katolicka2DBN 7aKatolicyzm2DBN 4aModlitewniki polskie.2kaba 7aModlitewnik2DBN aReligia i duchowość1 aNowacki, Tomaszd(1802-1884).eNakładcaeDruk